000 00787nam a2200241 i 4500
001 95860
003 ES-MaACL
005 20231229062543.0
007 t|
008 050606s1952 sp ||||1| spa d
080 _a821.111-31"19"
100 1 _aMacDonald, Philip.
_975120
245 1 3 _aEl asesino se ha vuelto loco /
_cPhilip MacDonald ; traducción del inglés por G. y L. Gossé ; nota preliminar de F.S.R.
260 _aMadrid :
_bAguilar,
_c1952.
300 _a471 p., 1 lám. retr. aut. ;
_c12 cm.
490 1 _aCrisol ;
_v346
700 1 _aGossé, G.
_959257
700 1 _aGossé, L. (
_d1916-2001)
_9156828
700 1 _aSainz de Robles, Federico Carlos,
_d1898-1982
_9101593
830 0 _aCrisol ;
_v346
_9180848
852 _aES-MaACL
_jD-8392
999 _c95860
_d95860